000 01180nam a2200289 c 4500
003 BLK
005 20250128103543.0
008 180411b bul|||||r ||||||| ||bul||
020 _a9789540917375
040 _aBLK
041 _aBUL
_cBUL
080 _aБългарска литература
_b821.163.2
_z821.163.2-312.4
100 1 _aГеоргиев, Юлий Спасов
_eпърви автор
_9269600
139 _aГеоргиев, Юлий Спасов
_bГ 37
245 1 0 _aЦената на компромиса
_cЮлий Спасов Георгиев.
257 _aBGR
260 _bЗахарий Стоянов
_c2023
_9209473
_aСофия
_n978-954-739- ; 978-954-09- ; 954-9559-
300 _a334 с.
_c22 см
380 _aX
500 _aЦената на моралния компромис / Иван Гранитски: с. 331-333 Иван Гранитски - псевд. на авт. на доп. материал Иван Йорданов Димитров
852 _aЦб 320581
856 4 _qpdf
856 4 _qpdf
942 _cKNG
_n0
_04
_s1
999 _c499145
_d499145
999 _d474541
944 _a30545
_cНора Радева
_k30531
_lЦветелина Шанова